000 01691nam a2200289 4500
003 NALT
005 20251226140440.0
008 251119b th ||||| |||| 00| 0 tha d
020 _a9786168221082
040 _aNALT
041 1 _atha
_heng
050 _aHB 144
_bบ331ท 2562
100 1 _aบินมอร์, เคน.
_967035
245 1 0 _aทฤษฎีเกม: ความรู้ฉบับพกพา =
_bGame theory: a very short introduction /
_cผู้เขียน เคน บินมอร์ ; ผู้แปล พรเทพ เบญญาอภิกุล.
246 3 1 _aGame theory :
_ba very short introduction.
250 _aพิมพ์ครั้งที่ 3.
260 _aกรุงเทพฯ :
_bบุ๊คสเคป,
_c2562.
300 _a293 หน้า :
_bภาพประกอบ, แผนภูมิ ;
_c19 ซม.
505 2 _a1. ชื่อของเกม -- 2. โอกาส -- 3. เวลา -- 4. แบบแผน -- 5. ความสัมพันธ์ต่างตอบแทน -- 6. ข้อมูล -- 7. การประมูล -- 8. ชีววิทยาเชิงวิวัฒนาการ -- 9. การต่อรองและแนวร่วม -- 10. ปริศนาและความย้อนแย้ง.
650 4 _aทฤษฎีเกม
_964953
700 0 _aพรเทพ เบญญาอภิกุล
_954070
942 _2lcc
_cGB
996 _ajidapa.t
_bACQSTF
_c2025-11-19
996 _avaree.k
_bLIBSTF
_c2025-11-21
999 _c107514
_d107514
998 _j8
_k นายบัณฑิต อุทาวงค์